000 00793nam a2200265 i 4500
001 bg
003 BPK
005 20201126083705.0
008 950504s1966 pl a f f |000 0 pol
040 _cBPK
041 _apol
080 _a662.6/.9
080 _a696.2
080 _a(07)
100 1 _aBąkowski, Konrad
_eAutor
245 0 _aTechnologia gazownictwa /
_cKonrad Bkowski.
260 _aWarszawa :
_bWydawnictwa Naukowo-Techniczne,
_c1966.
300 _a315, [1] s. :
_bil. ;
_c23 cm.
504 _aBibliogr.
650 4 _aInstalacje gazowe
655 4 _aPodręcznik
710 2 _aWydawnictwa Naukowo-Techniczne
_4pbl.
856 _uhttp://koha.tu.koszalin.pl/cgi-bin/koha/opac-detail.pl?biblionumber=16532
_yKatalog online BPK
942 _cKS
_2UKD
999 _c16532
_d16532